00277nam a2200109Ia 4500008004100000041000800041082002400049100001100073245004300084260003100127300000900158230411s9999 xx 000 0 und d aeng aOG/618.2/DAW/B01617 aDawn C aTextbook Of Obstetrics And Neonatology bDawn BooksaCalcuttac2000 a432p